000
00313nam a2200133Ia 4500
008
230917s9999||||xx |||||||||||||| ||und||
040
_e
92653
_a
MAIN
041
_a
English
082
_a
616.01 D536P
100
_a
Dharam Pal
245
0
_a
Proteocin sensitivity typing of proteus
300
_a
69 p.
942
_c
TH
999
_c
49608
_d
49608